00762cam a2200241 a 4500001000800000005001700008008004100025010001700066020002800083020003500111040001800146041000800164080001700172082002100189100000700210101000800217245003900225504006600264906004500330942001200375999001700387952011600404250662120180302045456.0921230s1993 inua b s001 0 eng  a 92047411  a0253360986 (alk. paper) a0253208300 (pbk. : alk. paper) aDLCcDLCdDLC aeng a305.4201 TUA00a305.4201 TUA2201 a50 aSOC14aThe less noble sex :cNancy Tuana. aIncludes bibliographical references (p. [192]-219) and index. a7bcbccorignewd1eocipf19gy-gencatlg 2ddccBK c43994d43994 00102udc40708PËKGa002b002cPËKGd2018-03-02l0o305.4201 TUAp002-3000487r2018-03-02w2018-03-02yBK